[Event "FIDE Open World Blitz 2021"]
[Site "Warsaw"]
[Date "2021.12.29"]
[Round "9.2"]
[White "Fedoseev, Vladimir"]
[Black "Sindarov, Javokhir"]
[Result "1/2-1/2"]
[WhiteElo "2704"]
[BlackElo "2587"]
[Annotator "ChessBase"]
[PlyCount "117"]
[EventDate "2021.12.29"]
[EventType "swiss"]
[EventCountry "POL"]
[Tiebreak "Cut1 Buchholz"]
[SourceTitle "playchess.com"]
[Source "ChessBase"]
[SourceQuality "1"]

1. d4 Nf6 2. Nf3 g6 3. Bg5 Bg7 4. Nbd2 O-O 5. c3 d6 6. e4 c5 7. dxc5 dxc5 8.
Bc4 Nc6 9. O-O Qc7 10. h3 Na5 11. Bd3 Rd8 12. Qe2 Nh5 13. Nc4 Nc6 14. Ne3 Nf4
15. Bxf4 Qxf4 16. Nd5 Qd6 17. Rad1 e6 18. Ne3 Qc7 19. a4 b6 20. Ba6 Bxa6 21.
Qxa6 Na5 22. Nc4 Nxc4 23. Qxc4 Qc6 24. Rxd8+ Rxd8 25. Re1 h5 26. g3 Qd7 27. Kg2
Qd3 28. Qxd3 Rxd3 29. Re2 Kf8 30. Rd2 Rxd2 31. Nxd2 Ke7 32. Nc4 Kd7 33. Kf3 Kc6
34. Kf4 Bh6+ 35. Kf3 Bg7 36. Ke2 a6 37. Kd3 b5 38. axb5+ axb5 39. Ne3 c4+ 40.
Kc2 Kc5 41. b4+ cxb3+ 42. Kxb3 Be5 43. Nc2 Bc7 44. Nb4 Bd8 45. Nd3+ Kd6 46. Kb4
f5 47. f3 Bf6 48. h4 Kc6 49. Kb3 Kd6 50. Kb4 Kc6 51. Kb3 Kd6 52. c4 bxc4+ 53.
Kxc4 fxe4 54. fxe4 Be5 55. Nf4 Bxf4 56. gxf4 e5 57. f5 g5 58. Kd3 g4 59. Ke3
1/2-1/2

[Event "FIDE Open World Blitz 2021"]
[Site "Warsaw"]
[Date "2021.12.29"]
[Round "9.2"]
[White "Klimkowski, Jan"]
[Black "Heimann, Andreas"]
[Result "1-0"]
[WhiteElo "2015"]
[BlackElo "2584"]
[Annotator "ChessBase"]
[PlyCount "72"]
[EventDate "2021.12.29"]
[EventType "swiss"]
[EventCountry "POL"]
[Tiebreak "Cut1 Buchholz"]
[SourceTitle "playchess.com"]
[Source "ChessBase"]
[SourceQuality "1"]

1. e4 e5 2. Nf3 Nc6 3. Bb5 a6 4. Ba4 Nf6 5. O-O Bc5 6. c3 b5 7. Bb3 d6 8. d4
Bb6 9. Re1 Bg4 10. Bg5 Rb8 11. h3 Bh5 12. Bd5 Ne7 13. g4 Nxg4 14. hxg4 Bxg4 15.
dxe5 h6 16. Bf4 Nxd5 17. exd5 O-O 18. Qd3 Qd7 19. exd6 cxd6 20. Nbd2 Bf5 21.
Ne4 Rbe8 22. Bg3 Re7 23. Re2 Rfe8 24. Rae1 Bg6 25. Nfd2 Kh8 26. Qf3 Qh3 27. Qg2
Qh5 28. Bxd6 Rd7 29. Bg3 Rxd5 30. Nb3 Red8 31. Ned2 a5 32. Nf3 Rd3 33. Nbd4 Kh7
34. Ne5 Bxd4 35. Nxd3 Bxd3 36. cxd4 Bxe2 1-0

[Event "FIDE Open World Blitz 2021"]
[Site "Warsaw"]
[Date "2021.12.29"]
[Round "9.3"]
[White "Duda, Jan-Krzysztof"]
[Black "Aronian, Levon"]
[Result "0-1"]
[WhiteElo "2756"]
[BlackElo "2782"]
[Annotator "TA"]
[PlyCount "60"]
[EventDate "2021.12.29"]
[EventType "swiss"]
[EventCountry "POL"]
[Tiebreak "Cut1 Buchholz"]
[SourceTitle "playchess.com"]
[Source "ChessBase"]
[SourceQuality "1"]

1. c4 Nf6 2. Nc3 e6 3. e4 d5 4. cxd5 exd5 5. e5 d4 6. exf6 dxc3 7. Bb5+ Nc6 8.
Qe2+ Be6 9. dxc3 Qxf6 10. Nf3 Bd6 11. Bg5 Qg6 12. Bd3 Qh5 13. h3 O-O 14. O-O-O
Ne5 15. Be4 Nxf3 16. h4 Nxg5 17. Qxh5 Nxe4 18. Qf3 f5 19. g4 Rae8 20. g5 Bc5
21. Rh2 Bxa2 22. b4 Bd6 23. Rxd6 cxd6 24. Kb2 Be6 25. Qf4 Rc8 26. Rh3 Rc4 27.
Re3 Rd8 28. h5 Nxc3 29. Qf3 Bd5 30. Qxf5 Rf8 0-1

[Event "FIDE Open World Blitz 2021"]
[Site "Warsaw"]
[Date "2021.12.29"]
[Round "9.3"]
[White "Wojtaszek, Radoslaw"]
[Black "Shoker, Samy"]
[Result "1-0"]
[WhiteElo "2700"]
[BlackElo "2504"]
[Annotator "ChessBase"]
[PlyCount "103"]
[EventDate "2021.12.29"]
[EventType "swiss"]
[EventCountry "POL"]
[Tiebreak "Cut1 Buchholz"]
[SourceTitle "playchess.com"]
[Source "ChessBase"]
[SourceQuality "1"]

1. Nf3 g6 2. g3 Bg7 3. d4 Nf6 4. Bg2 O-O 5. c4 d6 6. Nc3 Nc6 7. O-O a6 8. b3
Rb8 9. Nd5 Nd7 10. Bb2 e6 11. Ne3 Ne7 12. Qd2 b5 13. c5 Bb7 14. Rac1 Nf6 15.
Ne1 Ne4 16. Qc2 f5 17. Nd3 g5 18. cxd6 cxd6 19. Qc7 Rf7 20. Qxd8+ Rxd8 21. Rc7
Ng6 22. Rfc1 Rdd7 23. Rxd7 Rxd7 24. d5 Bxb2 25. dxe6 Re7 26. Nxb2 f4 27. Nf5
Rxe6 28. Rc7 Bd5 29. Nd3 Nf6 30. Bxd5 Nxd5 31. Rc8+ Kf7 32. Kf1 Kf6 33. Nd4 Re4
34. Nc6 fxg3 35. hxg3 Nc3 36. e3 Nxa2 37. Nd4 Re7 38. Rc2 Ra7 39. Rxa2 h5 40.
Nxb5 Rb7 41. Nxd6 Rxb3 42. Ne4+ Kg7 43. Ndc5 Rb1+ 44. Kg2 g4 45. Rxa6 Ne5 46.
Ne6+ Kg8 47. Nd4 Nd3 48. Nf6+ Kh8 49. Ra7 Ne1+ 50. Kh2 Nf3+ 51. Nxf3 Rh1+ 52.
Kxh1 1-0

[Event "FIDE Open World Blitz 2021"]
[Site "Warsaw"]
[Date "2021.12.29"]
[Round "9.4"]
[White "Piorun, Kacper"]
[Black "Jobava, Baadur"]
[Result "1/2-1/2"]
[WhiteElo "2634"]
[BlackElo "2582"]
[Annotator "ChessBase"]
[PlyCount "49"]
[EventDate "2021.12.29"]
[EventType "swiss"]
[EventCountry "POL"]
[Tiebreak "Cut1 Buchholz"]
[SourceTitle "playchess.com"]
[Source "ChessBase"]
[SourceQuality "1"]

1. e4 c6 2. Nf3 d5 3. d3 Bg4 4. Nc3 e6 5. h3 Bxf3 6. Qxf3 Nd7 7. Be2 Nb8 8. d4
h5 9. O-O g6 10. exd5 exd5 11. Bd3 Qf6 12. Qg3 Nd7 13. Bh6 Nxh6 14. Ne2 g5 15.
c4 dxc4 16. Bxc4 Nf5 17. Qa3 O-O-O 18. Rad1 Kb8 19. Ng3 Nd6 20. Be2 h4 21. Bg4
hxg3 22. fxg3 Qh6 23. Rde1 Nb6 24. Qf3 Rg8 25. Qd3 1/2-1/2

[Event "FIDE Open World Blitz 2021"]
[Site "Warsaw"]
[Date "2021.12.29"]
[Round "9.4"]
[White "Kravtsiv, Martyn"]
[Black "Dubov, Daniil"]
[Result "1/2-1/2"]
[WhiteElo "2616"]
[BlackElo "2714"]
[Annotator "ChessBase"]
[PlyCount "93"]
[EventDate "2021.12.29"]
[EventType "swiss"]
[EventCountry "POL"]
[Tiebreak "Cut1 Buchholz"]
[SourceTitle "playchess.com"]
[Source "ChessBase"]
[SourceQuality "1"]

1. e4 c5 2. Nf3 d6 3. Bb5+ Bd7 4. Bxd7+ Nxd7 5. O-O Ngf6 6. Re1 e6 7. c4 Ne5 8.
Nc3 Nd3 9. Re3 Nxc1 10. Rxc1 Be7 11. d4 cxd4 12. Nxd4 O-O 13. h3 Rc8 14. b3 a6
15. Rd3 Qc7 16. Qe2 Rfe8 17. Rcd1 Bf8 18. Qd2 Red8 19. Nde2 Be7 20. Rg3 g6 21.
Kh1 Qc5 22. Qe3 Qa5 23. Rb1 Qc7 24. Rd1 Qa5 25. Rb1 Bf8 26. f4 Bg7 27. Qd3 Qc5
28. f5 exf5 29. exf5 d5 30. fxg6 hxg6 31. Rd1 dxc4 32. Qxd8+ Rxd8 33. Rxd8+ Kh7
34. bxc4 Qxc4 35. Rf3 Qe6 36. Rd1 b5 37. Nf4 Qc4 38. Nfd5 Nxd5 39. Nxd5 f5 40.
Rf4 Qxa2 41. Ne7 Qe2 42. Rh4+ Bh6 43. Rd7 Qe1+ 44. Kh2 Qe5+ 45. Kh1 Qe1+ 46.
Kh2 Qe5+ 47. Kh1 1/2-1/2

[Event "FIDE Open World Blitz 2021"]
[Site "Warsaw"]
[Date "2021.12.29"]
[Round "9.5"]
[White "Vachier-Lagrave, Maxime"]
[Black "Amin, Bassem"]
[Result "0-1"]
[WhiteElo "2766"]
[BlackElo "2617"]
[Annotator "ChessBase"]
[PlyCount "160"]
[EventDate "2021.12.29"]
[EventType "swiss"]
[EventCountry "POL"]
[Tiebreak "Cut1 Buchholz"]
[SourceTitle "playchess.com"]
[Source "ChessBase"]
[SourceQuality "1"]

1. e4 e5 2. Nf3 Nc6 3. Bb5 a6 4. Ba4 Nf6 5. O-O Be7 6. d3 d6 7. c3 O-O 8. Re1
Re8 9. Nbd2 Bf8 10. Nf1 b5 11. Bc2 g6 12. a4 Bb7 13. Ne3 Bg7 14. b4 h6 15. Bb3
Nb8 16. axb5 axb5 17. Rxa8 Bxa8 18. Qc2 Nbd7 19. Bd2 c6 20. c4 Bb7 21. Ra1 Qb6
22. Ra5 Nf8 23. cxb5 cxb5 24. Qa2 Ne6 25. Nd1 Kh7 26. h3 Re7 27. Nc3 Bc6 28.
Be3 Qb8 29. Nd5 Bxd5 30. Bxd5 Nxd5 31. Qxd5 Rb7 32. h4 h5 33. Ra6 Bf8 34. Qa2
Qc7 35. Ra8 Rb8 36. Ra5 Qc6 37. Ng5+ Nxg5 38. Bxg5 Rb7 39. Ra8 Bg7 40. g3 Rd7
41. Qd5 Qxd5 42. exd5 Rc7 43. Rd8 Rc3 44. Rxd6 Rxd3 45. Rd7 Kg8 46. Be7 e4 47.
Kf1 Bc3 48. Bc5 Rd1+ 49. Kg2 Rb1 50. d6 Bxb4 51. Bd4 f5 52. Rg7+ Kf8 53. d7 Be7
54. Bc5 Kxg7 55. Bxe7 Rd1 56. d8=Q Rxd8 57. Bxd8 Kf7 58. Kf1 Ke6 59. Ke2 b4 60.
Ba5 b3 61. Bc3 f4 62. gxf4 Kf5 63. Ke3 Kg4 64. Kxe4 Kxh4 65. f5 gxf5+ 66. Kxf5
Kh3 67. Kg5 h4 68. f4 Kg3 69. f5 h3 70. Be5+ Kg2 71. f6 h2 72. f7 h1=Q 73. f8=Q
Qc1+ 74. Bf4 Qc2 75. Qa8+ Kf2 76. Qa7+ Ke2 77. Qe3+ Kf1 78. Bg3 b2 79. Qf3+ Kg1
80. Bf4 Qg2+ 0-1

[Event "FIDE Open World Blitz 2021"]
[Site "Warsaw"]
[Date "2021.12.29"]
[Round "9.5"]
[White "Bluebaum, Matthias"]
[Black "Sargsyan, Shant"]
[Result "1/2-1/2"]
[WhiteElo "2609"]
[BlackElo "2628"]
[Annotator "ChessBase"]
[PlyCount "114"]
[EventDate "2021.12.29"]
[EventType "swiss"]
[EventCountry "POL"]
[Tiebreak "Cut1 Buchholz"]
[SourceTitle "playchess.com"]
[Source "ChessBase"]
[SourceQuality "1"]

1. d4 Nf6 2. c4 e6 3. Nc3 Bb4 4. e3 O-O 5. Bd2 d5 6. Nf3 b6 7. cxd5 exd5 8. Bd3
c5 9. h3 Nc6 10. a3 Bxc3 11. Bxc3 c4 12. Bc2 b5 13. Ne5 Bb7 14. a4 a6 15. O-O
Qd6 16. Nxc6 Bxc6 17. Qe1 Qe6 18. Bb4 Rfe8 19. axb5 Bxb5 20. Bc3 Ne4 21. Bxe4
Qxe4 22. Qe2 Re6 23. Qg4 f5 24. Qxe4 fxe4 25. f4 exf3 26. Rxf3 Rae8 27. Bd2 Rf8
28. Rxf8+ Kxf8 29. Rf1+ Ke8 30. Rf5 Bc6 31. Kf2 g6 32. Rf3 Re7 33. Bb4 Rf7 34.
Kg3 Bd7 35. Kh4 h6 36. Rxf7 Kxf7 37. g4 Ba4 38. Kg3 Ke6 39. Bf8 h5 40. Kf4 hxg4
41. hxg4 Bc2 42. Bb4 Be4 43. Bc3 Kd6 44. g5 Kc6 45. Ke5 Kb5 46. Kd6 a5 47. Kc7
a4 48. Kb7 Bf3 49. Kc7 a3 50. bxa3 Ka4 51. Bb4 Kb3 52. Kb6 c3 53. Bxc3 Kxa3 54.
Kc5 Be4 55. Be1 Kb3 56. Bg3 Kc2 57. Bf4 Kd3 1/2-1/2

[Event "FIDE Open World Blitz 2021"]
[Site "Warsaw"]
[Date "2021.12.29"]
[Round "9.6"]
[White "Erigaisi Arjun"]
[Black "Socko, Bartosz"]
[Result "1/2-1/2"]
[WhiteElo "2627"]
[BlackElo "2571"]
[Annotator "ChessBase"]
[PlyCount "67"]
[EventDate "2021.12.29"]
[EventType "swiss"]
[EventCountry "POL"]
[Tiebreak "Cut1 Buchholz"]
[SourceTitle "playchess.com"]
[Source "ChessBase"]
[SourceQuality "1"]

1. c4 e6 2. Nc3 Bb4 3. e4 Ne7 4. d4 c5 5. d5 d6 6. Bd3 Bxc3+ 7. bxc3 e5 8. f4
exf4 9. Bxf4 Ng6 10. Bg3 Nd7 11. Nf3 Nde5 12. Nxe5 Nxe5 13. Bxe5 dxe5 14. O-O
O-O 15. Rb1 b6 16. Qb3 Qg5 17. Qc2 Bd7 18. Rf3 h5 19. Rbf1 Bg4 20. R3f2 h4 21.
Kh1 h3 22. gxh3 Bxh3 23. Rg1 Qh4 24. Rg3 g6 25. Bf1 Bd7 26. Kg1 Kg7 27. Qe2 Rh8
28. Qf3 Raf8 29. Qg2 Rh6 30. Qf3 Rh7 31. Be2 Rh6 32. Bf1 Rhh8 33. Qg2 Rh6 34.
Qf3 1/2-1/2

[Event "FIDE Open World Blitz 2021"]
[Site "Warsaw"]
[Date "2021.12.29"]
[Round "9.6"]
[White "Christiansen, Johan-Sebastian"]
[Black "Demchenko, Anton"]
[Result "1-0"]
[WhiteElo "2593"]
[BlackElo "2655"]
[Annotator "ChessBase"]
[PlyCount "123"]
[EventDate "2021.12.29"]
[EventType "swiss"]
[EventCountry "POL"]
[Tiebreak "Cut1 Buchholz"]
[SourceTitle "playchess.com"]
[Source "ChessBase"]
[SourceQuality "1"]

1. e4 e5 2. Nf3 Nc6 3. d4 exd4 4. Nxd4 Nf6 5. Nxc6 bxc6 6. e5 Qe7 7. Qe2 Nd5 8.
c4 Ba6 9. b3 g6 10. Ba3 Nb4 11. Bb2 Bg7 12. a3 Nd5 13. Nd2 Nb6 14. O-O-O O-O-O
15. Nf3 c5 16. Qe3 Rhe8 17. Bd3 d5 18. cxd5 Bb7 19. Bb5 Nxd5 20. Qe2 Rf8 21.
Ba6 Qe6 22. Bxb7+ Kxb7 23. Qc4 Qc6 24. Kb1 Nb6 25. Qc2 a5 26. Rc1 a4 27. Qxc5
Qxc5 28. Rxc5 axb3 29. Rhc1 Rd7 30. Rb5 Rd3 31. Ne1 Rd2 32. f4 Bh6 33. g3 Rfd8
34. Rxb3 Rxh2 35. Nf3 Rf2 36. Rbc3 Nd5 37. Rb3+ Kc8 38. a4 Bf8 39. Ka1 Nb4 40.
a5 Rd3 41. Rxd3 Nxd3 42. Bd4 Rxf3 43. Rc6 Kb7 44. Rf6 Nb4 45. Kb1 Rb3+ 46. Kc1
Rd3 47. Bf2 Rd7 48. e6 Re7 49. exf7 Rd7 50. Be3 Nd5 51. a6+ Ka8 52. Re6 Nxe3
53. Re8+ Ka7 54. Rxf8 Rxf7 55. Rxf7 h5 56. Rxc7+ Kxa6 57. Rg7 Kb5 58. Rxg6 Kc4
59. Rg5 Kd3 60. Rxh5 Ke4 61. Rg5 Kf3 62. f5 1-0

[Event "FIDE Open World Blitz 2021"]
[Site "Warsaw"]
[Date "2021.12.29"]
[Round "9.7"]
[White "Svane, Rasmus"]
[Black "Artemiev, Vladislav"]
[Result "1-0"]
[WhiteElo "2628"]
[BlackElo "2699"]
[Annotator "ChessBase"]
[PlyCount "72"]
[EventDate "2021.12.29"]
[EventType "swiss"]
[EventCountry "POL"]
[Tiebreak "Cut1 Buchholz"]
[SourceTitle "playchess.com"]
[Source "ChessBase"]
[SourceQuality "1"]

1. Nf3 b6 2. g3 Bb7 3. Bg2 g6 4. O-O Bg7 5. d4 Nf6 6. c4 O-O 7. Re1 e6 8. Bf4
d6 9. Qc2 Nc6 10. Nc3 Re8 11. Rad1 Qc8 12. d5 Nb4 13. Qb1 exd5 14. a3 d4 15.
Nxd4 Bxg2 16. Kxg2 Na6 17. b4 Nb8 18. e4 Nbd7 19. Nd5 a6 20. Qc2 Qb7 21. f3 Nh5
22. Be3 c6 23. Nc3 b5 24. Nb3 Ne5 25. c5 dxc5 26. Na5 Qc8 27. Bxc5 Nd7 28. Be3
Ne5 29. Ne2 f5 30. Nd4 fxe4 31. fxe4 Nf6 32. Bf4 Nh5 33. Bxe5 Bxe5 34. Naxc6
Bxd4 35. Rxd4 Qe6 36. Na5 Rac8 1-0

[Event "FIDE Open World Blitz 2021"]
[Site "Warsaw"]
[Date "2021.12.29"]
[Round "9.7"]
[White "Antipov, Mikhail Al."]
[Black "Riazantsev, Alexander"]
[Result "0-1"]
[WhiteElo "2587"]
[BlackElo "2634"]
[Annotator "ChessBase"]
[PlyCount "74"]
[EventDate "2021.12.29"]
[EventType "swiss"]
[EventCountry "POL"]
[Tiebreak "Cut1 Buchholz"]
[SourceTitle "playchess.com"]
[Source "ChessBase"]
[SourceQuality "1"]

1. e4 c5 2. Nf3 d6 3. d4 cxd4 4. Nxd4 Nf6 5. Nc3 Nc6 6. Bg5 g6 7. Bxf6 exf6 8.
Bb5 Bd7 9. Nde2 Be6 10. Nf4 Bg7 11. Nxe6 fxe6 12. Qg4 Qe7 13. O-O O-O 14. Rad1
f5 15. exf5 gxf5 16. Qh5 Nd4 17. Bd3 Rac8 18. Rfe1 Qf6 19. Ne2 Nxc2 20. Bxc2
Rxc2 21. Nf4 e5 22. Qf3 Qf7 23. Nd5 Rxb2 24. Qa3 e4 25. Qxd6 Rxa2 26. Rc1 Ra6
27. Ne7+ Kh8 28. Qd7 Re6 29. Rc7 b5 30. Rxa7 b4 31. h4 b3 32. h5 b2 33. Ng6+
hxg6 34. Qxf7 Rxf7 35. Rxf7 Rc6 36. Rb7 Rc1 37. Kf1 Bc3 0-1

[Event "FIDE Open World Blitz 2021"]
[Site "Warsaw"]
[Date "2021.12.29"]
[Round "9.8"]
[White "Oparin, Grigoriy"]
[Black "Caruana, Fabiano"]
[Result "0-1"]
[WhiteElo "2580"]
[BlackElo "2791"]
[Annotator "TA"]
[PlyCount "172"]
[EventDate "2021.12.29"]
[EventType "swiss"]
[EventCountry "POL"]
[Tiebreak "Cut1 Buchholz"]
[SourceTitle "playchess.com"]
[Source "ChessBase"]
[SourceQuality "1"]

1. Nf3 Nf6 2. g3 g6 3. Bg2 Bg7 4. c4 O-O 5. O-O d6 6. d4 Bf5 7. Nc3 Ne4 8. Nh4
Nxc3 9. bxc3 Bc8 10. f4 c5 11. f5 Nc6 12. Be3 Na5 13. Qd3 Bd7 14. Rf2 cxd4 15.
cxd4 e6 16. fxg6 hxg6 17. Raf1 Qe7 18. Nf3 Rac8 19. Bg5 f6 20. Nh4 Be8 21. Bh3
Kh7 22. Bc1 Rxc4 23. Bd2 Ra4 24. Qc2 f5 25. d5 Nc4 26. dxe6 Nxd2 27. Qxd2 Qxe6
28. Nxf5 gxf5 29. Rxf5 Qe7 30. Rxf8 Bxf8 31. Qc2+ Kh8 32. Bg2 Bg7 33. Kh1 Ra5
34. Rf4 Rc5 35. Qd2 Qe5 36. Rh4+ Kg8 37. Bf3 Bf7 38. Kg2 d5 39. Rg4 Rc7 40. Rg5
Qf6 41. Bxd5 Rd7 42. Bxf7+ Rxf7 43. Kh3 Qf1+ 44. Kg4 Qf6 45. Qd5 Kh8 46. h4 Qe7
47. Rh5+ Kg8 48. e4 Kf8 49. Kh3 Qd7+ 50. Qxd7 Rxd7 51. Ra5 b6 52. Rb5 Rd4 53.
Rf5+ Ke7 54. Rf4 Be5 55. Rg4 Ra4 56. h5 Rxa2 57. h6 Ra1 58. Kg2 Ra2+ 59. Kh3
Rc2 60. Rg5 Ke6 61. Rg8 Rc7 62. g4 Rc2 63. g5 Kf7 64. Ra8 Kg6 65. Kg4 Rg2+ 66.
Kf3 Rxg5 67. Rxa7 Kxh6 68. Rb7 Bd4 69. Kf4 Kg6 70. e5 Rg1 71. Ke4 Bc5 72. Kd5
Rd1+ 73. Ke6 Rd2 74. Rb8 Kg5 75. Rg8+ Kf4 76. Rh8 Rg2 77. Rh4+ Kg5 78. Rh8 Re2
79. Rh1 Bd4 80. Kd5 Bxe5 81. Rb1 Bb2 82. Kc4 Kf4 83. Rd1 Be5 84. Rb1 Rb2 85.
Rf1+ Ke4 86. Re1+ Kf5 0-1

[Event "FIDE Open World Blitz 2021"]
[Site "Warsaw"]
[Date "2021.12.29"]
[Round "9.8"]
[White "Mikhalevski, Victor"]
[Black "Yuffa, Daniil"]
[Result "0-1"]
[WhiteElo "2577"]
[BlackElo "2567"]
[Annotator "ChessBase"]
[PlyCount "85"]
[EventDate "2021.12.29"]
[EventType "swiss"]
[EventCountry "POL"]
[Tiebreak "Cut1 Buchholz"]
[SourceTitle "playchess.com"]
[Source "ChessBase"]
[SourceQuality "1"]

1. d4 Nf6 2. Nf3 g6 3. g3 Bg7 4. Bg2 O-O 5. O-O d6 6. b3 e5 7. dxe5 dxe5 8. Ba3
e4 9. Nd4 e3 10. Bxf8 exf2+ 11. Rxf2 Qxf8 12. h3 Nbd7 13. Nc3 c6 14. Qd2 Qd6
15. Rd1 Qxg3 16. Qd3 Qc7 17. Rdf1 Ne5 18. Qg3 Nh5 19. Qh2 f5 20. e3 Qe7 21.
Nce2 Bd7 22. Nf4 Nf6 23. Qg3 Nf7 24. Rd1 Nd6 25. Rff1 Nde4 26. Qf3 Re8 27. Rfe1
Nc3 28. Rd3 Nce4 29. a4 a6 30. Nde2 Nc5 31. Rdd1 Nce4 32. Ng3 Bc8 33. Nxe4 Nxe4
34. Rd3 Nc5 35. Rdd1 Bc3 36. Re2 Ne4 37. Rd3 Ba5 38. Kh1 Bc7 39. Re1 Qh4 40.
Rg1 Ng3+ 41. Kh2 Nh5 42. Rd4 Be5 43. Rc4 0-1

[Event "FIDE Open World Blitz 2021"]
[Site "Warsaw"]
[Date "2021.12.29"]
[Round "9.9"]
[White "Muradli, Mahammad"]
[Black "Nepomniachtchi, Ian"]
[Result "1/2-1/2"]
[WhiteElo "2571"]
[BlackElo "2782"]
[Annotator "TA"]
[PlyCount "90"]
[EventDate "2021.12.29"]
[EventType "swiss"]
[EventCountry "POL"]
[Tiebreak "Cut1 Buchholz"]
[SourceTitle "playchess.com"]
[Source "ChessBase"]
[SourceQuality "1"]

1. c4 Nf6 2. Nc3 e5 3. Nf3 Nc6 4. d3 d5 5. cxd5 Nxd5 6. Bd2 Bc5 7. a3 Bb6 8. e3
Be6 9. Be2 g5 10. h3 Rg8 11. g4 h5 12. Rg1 hxg4 13. hxg4 Qd7 14. Nxd5 Qxd5 15.
Bc3 O-O-O 16. Qa4 Kb8 17. Nd2 f5 18. gxf5 Bxf5 19. Ne4 Qe6 20. O-O-O g4 21. Kb1
Rgf8 22. Rg2 a6 23. Rdg1 Qd5 24. Qc2 Be6 25. Bxg4 Qa2+ 26. Kc1 Bb3 27. Qb1
Qxb1+ 28. Kxb1 Rxd3 29. Be2 Rd7 30. Kc1 Bd5 31. Bd3 Rdf7 32. Rh2 Bxe4 33. Bxe4
Rxf2 34. Rxf2 Rxf2 35. Rg8+ Ka7 36. Bxc6 Bxe3+ 37. Kb1 bxc6 38. Bxe5 Kb7 39.
Rg7 Bb6 40. Rh7 Rf5 41. Bc3 c5 42. Rh4 Kc6 43. Kc2 Kd5 44. Kb3 Rg5 45. Ra4 Rg3
1/2-1/2

[Event "FIDE Open World Blitz 2021"]
[Site "Warsaw"]
[Date "2021.12.29"]
[Round "9.9"]
[White "Faizrakhmanov, Ramil"]
[Black "Corrales Jimenez, Fidel"]
[Result "1-0"]
[WhiteElo "2396"]
[BlackElo "2523"]
[Annotator "ChessBase"]
[PlyCount "147"]
[EventDate "2021.12.29"]
[EventType "swiss"]
[EventCountry "POL"]
[Tiebreak "Cut1 Buchholz"]
[SourceTitle "playchess.com"]
[Source "ChessBase"]
[SourceQuality "1"]

1. d4 Nf6 2. c4 g6 3. Nc3 d5 4. cxd5 Nxd5 5. e4 Nxc3 6. bxc3 Bg7 7. Nf3 c5 8.
Bb5+ Nc6 9. Rb1 O-O 10. d5 Na5 11. O-O e6 12. Bg5 f6 13. Be3 b6 14. d6 Bd7 15.
Bxd7 Qxd7 16. Qd3 Rfd8 17. Rfd1 e5 18. Bxc5 bxc5 19. Rb5 Nc6 20. Rxc5 Kh8 21.
h4 Bf8 22. Rd5 h5 23. Nd2 Qe6 24. Nb3 Nb8 25. Nc5 Qf7 26. c4 a5 27. Na4 Nc6 28.
a3 Rab8 29. c5 Nd4 30. Qc4 Kg7 31. R1xd4 exd4 32. Qxd4 Rb1+ 33. Kh2 Qd7 34. e5
fxe5 35. Rxe5 Kh7 36. Qe4 Qg4 37. Qxb1 Qf4+ 38. g3 Qxe5 39. Qb7+ Qg7 40. Qd5
Qf6 41. Kg2 Qf5 42. Qb7+ Qd7 43. Qb6 Re8 44. Nc3 Bg7 45. Nd5 Re2 46. Nf4 Rc2
47. Qb1 Qf5 48. d7 Rd2 49. Qxf5 gxf5 50. c6 Be5 51. Ne6 Kg6 52. d8=Q Rxd8 53.
Nxd8 Kf6 54. Nb7 a4 55. Nc5 Ke7 56. Nxa4 Bd4 57. Kf3 Kd6 58. Kf4 Kxc6 59. f3
Kb5 60. Kxf5 Kxa4 61. g4 Kb5 62. Kg6 hxg4 63. fxg4 Kc6 64. Kf7 Bf2 65. h5 Be3
66. Kg6 Kd6 67. h6 Ke7 68. h7 Bd4 69. a4 Ke6 70. a5 Kd5 71. a6 Kc6 72. Kf7 Kb6
73. g5 Kxa6 74. g6 1-0

[Event "FIDE Open World Blitz 2021"]
[Site "Warsaw"]
[Date "2021.12.29"]
[Round "9.10"]
[White "Grischuk, Alexander"]
[Black "Movsesian, Sergei"]
[Result "1-0"]
[WhiteElo "2773"]
[BlackElo "2615"]
[Annotator "ChessBase"]
[PlyCount "110"]
[EventDate "2021.12.29"]
[EventType "swiss"]
[EventCountry "POL"]
[Tiebreak "Cut1 Buchholz"]
[SourceTitle "playchess.com"]
[Source "ChessBase"]
[SourceQuality "1"]

1. e4 Nf6 2. e5 Nd5 3. d4 d6 4. Nf3 dxe5 5. Nxe5 c6 6. Be2 Bf5 7. O-O Nd7 8.
Nf3 e6 9. c4 N5f6 10. Nh4 Bg6 11. Bf4 Be7 12. Nxg6 hxg6 13. Nc3 O-O 14. Qb3 Qb6
15. Rfd1 Rac8 16. g3 Rfd8 17. Bf3 Nh5 18. Be3 Nhf6 19. Rac1 Qc7 20. Kg2 e5 21.
d5 Bc5 22. Bxc5 Nxc5 23. Qa3 e4 24. Be2 b6 25. b4 Nd3 26. Bxd3 exd3 27. Rxd3
cxd5 28. cxd5 Qb7 29. Rcd1 Rd7 30. Kg1 b5 31. d6 Ng4 32. Nd5 Ne5 33. Rd4 Rxd6
34. Ne7+ Qxe7 35. Rxd6 Nc4 36. Qd3 Nxd6 37. Qxd6 Qxd6 38. Rxd6 Rc2 39. a3 Rc7
40. Ra6 Kf8 41. h4 Ke7 42. Kg2 Kd7 43. g4 Kc8 44. f3 Kb7 45. Rd6 a6 46. Kg3 Re7
47. g5 Rc7 48. Kg4 Re7 49. f4 Rc7 50. h5 gxh5+ 51. Kxh5 Re7 52. f5 Rc7 53. f6
gxf6 54. Rxf6 Re7 55. Kh6 Re3 1-0

[Event "FIDE Open World Blitz 2021"]
[Site "Warsaw"]
[Date "2021.12.29"]
[Round "9.10"]
[White "Ponkratov, Pavel"]
[Black "Kosakowski, Jakub"]
[Result "0-1"]
[WhiteElo "2662"]
[BlackElo "2340"]
[Annotator "ChessBase"]
[PlyCount "96"]
[EventDate "2021.12.29"]
[EventType "swiss"]
[EventCountry "POL"]
[Tiebreak "Cut1 Buchholz"]
[SourceTitle "playchess.com"]
[Source "ChessBase"]
[SourceQuality "1"]

1. e4 c5 2. Nf3 d6 3. d4 cxd4 4. Nxd4 Nf6 5. f3 e5 6. Nb3 a5 7. c4 Nxe4 8. fxe4
Qh4+ 9. Kd2 a4 10. Nc3 axb3 11. Qxb3 Qf2+ 12. Ne2 Be7 13. Qg3 Qf6 14. Nc3 Be6
15. Be2 Nc6 16. Rf1 Qg6 17. b3 Nd4 18. Bb2 Qh6+ 19. Kd1 O-O 20. Bc1 Qg6 21.
Qxg6 hxg6 22. Bb2 f5 23. Bd3 Bg5 24. h3 Rf7 25. Nd5 Nc6 26. exf5 gxf5 27. a3 b5
28. Nb6 Rb8 29. cxb5 Bxb3+ 30. Ke2 e4 31. Bc4 Bxc4+ 32. Nxc4 Rxb5 33. Bc3 Rc5
34. Nxd6 Rxc3 35. Nxf7 Kxf7 36. Rxf5+ Kg6 37. Rd5 Rc2+ 38. Kf1 Ne7 39. Re5 Nf5
40. Kg1 Be3+ 41. Kh1 Ng3+ 42. Kh2 Bf4 43. Re6+ Kf5 44. Re8 e3 45. a4 Ne4+ 46.
Kh1 e2 47. a5 Rc1+ 48. Rxc1 Bxc1 0-1

[Event "FIDE Open World Blitz 2021"]
[Site "Warsaw"]
[Date "2021.12.29"]
[Round "9.11"]
[White "Saric, Ivan"]
[Black "Szpar, Milosz"]
[Result "1/2-1/2"]
[WhiteElo "2665"]
[BlackElo "2285"]
[Annotator "ChessBase"]
[PlyCount "157"]
[EventDate "2021.12.29"]
[EventType "swiss"]
[EventCountry "POL"]
[Tiebreak "Cut1 Buchholz"]
[SourceTitle "playchess.com"]
[Source "ChessBase"]
[SourceQuality "1"]

1. e4 c5 2. Nf3 e6 3. d4 cxd4 4. Nxd4 Nf6 5. Nc3 Nc6 6. Nxc6 bxc6 7. e5 Nd5 8.
Ne4 Bb7 9. Be2 c5 10. O-O Qc7 11. Nd6+ Bxd6 12. exd6 Qc6 13. f3 Qb6 14. c4 Nb4
15. Be3 a5 16. Qd2 Nc6 17. Rfd1 O-O 18. Bf1 e5 19. f4 exf4 20. Bxf4 Rfe8 21.
Re1 Nd4 22. Rad1 a4 23. Be5 Ne6 24. Bc3 Qc6 25. Re5 f6 26. Re3 Ng5 27. Rde1 Ne4
28. Qc2 Nxd6 29. Bd3 Kh8 30. Re7 Rxe7 31. Rxe7 Re8 32. Rxe8+ Nxe8 33. Bxh7 Nd6
34. Bg6 Nxc4 35. Qe2 Qe6 36. Qh5+ Kg8 37. Qh7+ Kf8 38. Qh8+ Qg8 39. Qxg8+ Kxg8
40. Bc2 Bc6 41. Kf2 Kf7 42. b3 axb3 43. Bxb3 Bd5 44. a4 Nb6 45. Bc2 Bc4 46. a5
Nd5 47. Bd2 Nb4 48. Ba4 Ke6 49. g4 d5 50. h4 Nd3+ 51. Kg3 d4 52. Bc6 Nb4 53.
Bb7 Ba6 54. Bxb4 Bxb7 55. Bxc5 d3 56. Be3 Ba6 57. Bd2 Ke5 58. Kf3 Kd5 59. Kf4
Ke6 60. h5 Kf7 61. Ke4 Bc8 62. Kf4 Ba6 63. Ke4 Bc8 64. Kf3 Ba6 65. Bc3 Bb7+ 66.
Kf2 Bc8 67. Kg3 Bb7 68. Bd2 Ba6 69. Kf4 Bc8 70. Kf3 Kg8 71. g5 fxg5 72. Bxg5
Kf7 73. Ke3 Ba6 74. Kd4 Ke6 75. Kc5 Kf5 76. Bc1 Kg4 77. Kb6 Bc4 78. h6 gxh6 79.
Bxh6 1/2-1/2